Butir-butir mutiara hikmat / (Record no. 842)

000 -LEADER
fixed length control field nam a22 a 4500
003 - CONTROL NUMBER IDENTIFIER
control field AKMAL
005 - DATE AND TIME OF LATEST TRANSACTION
control field 20170505143959.0
008 - FIXED-LENGTH DATA ELEMENTS--GENERAL INFORMATION
fixed length control field 170505s1988 my 00 may d
020 ## - INTERNATIONAL STANDARD BOOK NUMBER
International Standard Book Number 9676901881
040 ## - CATALOGING SOURCE
Original cataloging agency AKMAL
082 04 - DEWEY DECIMAL CLASSIFICATION NUMBER
Classification number 297.12 KHA
090 ## - LOCALLY ASSIGNED LC-TYPE CALL NUMBER (OCLC); LOCAL CALL NUMBER (RLIN)
Classification number (OCLC) (R) ; Classification number, CALL (RLIN) (NR) 297.12
Local cutter number (OCLC) ; Book number/undivided call number, CALL (RLIN) KHA
245 ## - TITLE STATEMENT
Title Butir-butir mutiara hikmat /
Statement of responsibility, etc. penyusun, Usman Asy Shakir Al-Khaubawiyyi ; alih bahasa, Rosihin Abd. Gani
260 ## - PUBLICATION, DISTRIBUTION, ETC.
Place of publication, distribution, etc. Batu Caves :
Name of publisher, distributor, etc. Thinker's Library,
Date of publication, distribution, etc. 1988
300 ## - PHYSICAL DESCRIPTION
Extent iii,675ms. ;
Dimensions 21cm
500 ## - GENERAL NOTE
General note Diterbitkan di Malaysia dengan izin khas Penerbit Wicaksana, Semarang, Indonesia
500 ## - GENERAL NOTE
General note Terjemahan dari: Durratun Nashihin
505 0# - FORMATTED CONTENTS NOTE
Formatted contents note Mengandungi ayat-ayat dari Quran
650 ## - SUBJECT ADDED ENTRY--TOPICAL TERM
Topical term or geographic name entry element Islam
9 (RLIN) 922
650 ## - SUBJECT ADDED ENTRY--TOPICAL TERM
Topical term or geographic name entry element Religious life
General subdivision Islam
9 (RLIN) 819
700 1# - ADDED ENTRY--PERSONAL NAME
Personal name Al-Khaubawiyyi, Usman Asy-Shakir
9 (RLIN) 1823
700 1# - ADDED ENTRY--PERSONAL NAME
Personal name Abd. Ghani, Rosihin
9 (RLIN) 1824
942 ## - ADDED ENTRY ELEMENTS (KOHA)
Source of classification or shelving scheme
Koha item type Book
Holdings
Withdrawn status Lost status Source of classification or shelving scheme Damaged status Not for loan Collection code Home library Current library Shelving location Date acquired Inventory number Total Checkouts Full call number Barcode Date last seen Price effective from Koha item type
          NON-FICTION AKMAL Melaka AKMAL Melaka PINJAMAN 05.05.2017 00496   297.12 KHA 201701782 05.05.2017 05.05.2017 Book
Pusat Sumber Maklumat Dato' Haji Sarmin Md Hussin, Akademi Kastam Diraja Malaysia, Melaka
Tel: 06-2331106 | Faks: 06-2313787